000 01035nam a22002657a 4500
001 7664
003 FISKH
005 20251124084852.0
008 250730b cb ||||| |||| 00| 0 eng d
020 _a9781730162831
040 _aFISKH
_beng
_cFISKH
_dFISKH
050 _aPZ7
082 _a155.418
100 _aPrakash, Ved
245 _aSad :
_bCharactor building for children /
_cConceived by Ved Prakash
260 _aNew Delhi :
_bDreamland Publication,
_c2011.
300 _a24 pages :
_bcolor illustrations ;
_c28 cm
505 _aJ
520 _aCharacter education is an integral part of education. ?Character Building ? Sad? this book contains three stories that will help children understand that they should face a sad situation courageously and with a positive outlook. These stories make it easy to teach moral values in a meaningful way.
521 8 _a500
_bLexile estimate
521 8 _aJ
_bRaz-Plus
650 _aMotional literacy
_vCharacter education
942 _2ddc
_cBK
_n0
999 _c7664
_d7664